000 00315nam a22001457a 4500
008 210428b ||||| |||| 00| 0 eng d
020 _a2900321730182
041 _aeng
080 _24th
_a54
082 _a54
100 _a12
101 _aKIM
245 _aIntroductory Chemistry
_cJohll,M.E
942 _2udc
_cBK
999 _c56885
_d56885